[Event "Twente Young Master op-A"]
[Site "Twente"]
[Date "2007.08.09"]
[Round "6"]
[White "Mannetje, Simone"]
[Black "Van Zon, Stef"]
[Result "0-1"]
[WhiteElo "1334"]
[BlackElo "1697"]
[PlyCount "45"]
[EventDate "2007.08.06"]
[EventType "swiss"]
[EventRounds "9"]
[EventCountry "NED"]
[SourceTitle "EXT 2008"]
[Source "ChessBase"]
[SourceDate "2007.11.25"]
[SourceVersion "1"]
[SourceVersionDate "2007.11.25"]
[SourceQuality "1"]

1. e4 c5 2. Nf3 d6 3. d4 cxd4 4. Nxd4 Nf6 5. Nc3 g6 6. Be3 Bg7 7. f3 0-0 8. Bc4 Nc6 9. Qd2 Bd7 10. 0-0-0 Qa5 11. g4 Rfc8 12. Bb3 Ne5 13. h4 Nc4 14. Bxc4 Rxc4 15. h5 Rac8 16. Nde2 Bxg4 17. hxg6 hxg6 18. Bh6 Bh8 19. Rdg1 Bxf3 20. Bf8 Bxh1 21. Rxh1 Rxf8 22. Qh6 Bg7 23. Qh2 0-1

[Event "Twente Young Master op-A"]
[Site "Twente"]
[Date "2007.08.07"]
[Round "3"]
[White "Van Zon, Stef"]
[Black "Hortensius, Nick"]
[Result "0-1"]
[WhiteElo "1697"]
[BlackElo "2020"]
[PlyCount "42"]
[EventDate "2007.08.06"]
[EventType "swiss"]
[EventRounds "9"]
[EventCountry "NED"]
[SourceTitle "EXT 2008"]
[Source "ChessBase"]
[SourceDate "2007.11.25"]
[SourceVersion "1"]
[SourceVersionDate "2007.11.25"]
[SourceQuality "1"]

1. e4 e6 2. d4 d5 3. exd5 exd5 4. c4 Nf6 5. Nc3 Bb4 6. Bd3 0-0 7. Nge2 b6 8. 0-0 Bb7 9. a3 Bd6 10. Bf4 Bxf4 11. Nxf4 dxc4 12. Bxc4 Qd6 13. Qd2 Nc6 14. Rfd1 Rad8 15. Nb5 Qd7 16. Ne2 Na5 17. Qd3 Qc6 18. Bxf7+ Rxf7 19. f3 Ba6 20. a4 Qe8 21. Qc3 Qxe2 0-1

[Event "Twente Young Master op-A"]
[Site "Twente"]
[Date "2007.08.06"]
[Round "2"]
[White "Van Herwaarden, Arjen"]
[Black "Van Zon, Stef"]
[Result "0-1"]
[WhiteElo "2002"]
[BlackElo "1697"]
[PlyCount "90"]
[EventDate "2007.08.06"]
[EventType "swiss"]
[EventRounds "9"]
[EventCountry "NED"]
[SourceTitle "EXT 2008"]
[Source "ChessBase"]
[SourceDate "2007.11.25"]
[SourceVersion "1"]
[SourceVersionDate "2007.11.25"]
[SourceQuality "1"]

1. e4 c5 2. Nc3 d6 3. g3 Nc6 4. Bg2 Nf6 5. d3 e5 6. f4 Be7 7. Nf3 Qb6 8. Nd5 Nxd5 9. exd5 Nd4 10. fxe5 Nxf3+ 11. Qxf3 dxe5 12. 0-0 0-0 13. c4 f5 14. Rb1 Qg6 15. Qe3 Bd6 16. Qg5 Qxg5 17. Bxg5 h6 18. Bd2 g5 19. Bc3 Bd7 20. b4 b6 21. Rfe1 Rae8 22. bxc5 Bxc5+ 23. Kh1 Bd6 24. Bb4 Bxb4 25. Rxb4 f4 26. gxf4 exf4 27. Rxe8 Rxe8 28. Be4 g4 29. Kg2 Rf8 30. a4 h5 31. a5 h4 32. axb6 axb6 33. Rxb6 Ra8 34. Rb2 Ra5 35. d4 h3+ 36. Kf2 Ra3 37. c5 g3+ 38. Kg1 Re3 39. hxg3 fxg3 40. Rb1 Rxe4 41. c6 Bc8 42. Rd1 Re2 43. d6 h2+ 44. Kf1 Rf2+ 45. Ke1 h1Q# 0-1